000 00364cam a2200145ua 4500
041 _aeng
_h
082 _a821
_bOWE/CO
100 _aOwen , Wilfred .
245 _aCollected poems of Wilfred Owen /
_cWilfred Owen.
_hTextual Documents
260 _aLondon :
_bChatto and Windus ,
_c1964.
300 _a191 ; .
504 _a
942 _cBK
999 _c4220
_d4220